000 00527nam a22001937a 4500
003 KOHA_MİRAKIL
005 20251224154946.0
008 251224b tu ||||| |||| 00| 0 tur d
020 _a9786051334042
040 _aTR-AnABB
_btur
_cTR-AnABB
041 _atur
082 _a305.231
_bBER 2013
100 1 _aBerk, E. Laura,
245 1 0 _aBebekler ve çocuklar /
_cE. Laura Berk
260 _aAnkara :
_bNobel Yayınları,
_c2013
300 _a609 sayfa ;
_c28 cm
650 0 4 _aÇocuk gelişimi
942 _2ddc
_cBK
999 _c9954
_d9954
900 _bGizem YORULMAZ